| 000 | nam a22 a 4500 | ||
|---|---|---|---|
| 999 |
_c421093 _d421093 |
||
| 003 | BLK | ||
| 005 | 20210623095952.0 | ||
| 008 | 180411b bul|||||r ||||||| ||bul|| | ||
| 040 | _aBLK | ||
| 041 |
_aBUL _cBUL |
||
| 080 |
_aРуска литература _b821.161.1 _x-32 _z821.161.1-32 |
||
| 100 | 1 |
_aЧехов, Антон Павлович _eпърви автор _9367913 |
|
| 139 |
_aЧехов, Антон Павлович _bЧ 77 |
||
| 245 | 1 | 0 |
_aДуел _bРоман _cАнтон Павлович Чехов; прев. от рус. Ив. Маринов |
| 257 | _aRUS | ||
| 260 |
_aСофия _bХемус _cб.г. _9209594 _n954-428- |
||
| 300 |
_a172 с. _c15 см |
||
| 380 | _aX | ||
| 700 |
_aМаринов, Цветан _eпрев. от рус. _91121 |
||
| 852 |
_aЦб 8.150.5819 _bО |
||
| 856 | 4 | _qpdf | |
| 856 | 4 | _qpdf | |
| 942 |
_cKNG _n0 _s1 |
||
| 944 |
_aCR _c2021-06-23 _kК.Д. |
||